| 000 | 00454nam a22001457a 4500 | ||
|---|---|---|---|
| 005 | 20260122112315.0 | ||
| 008 | 260122b |||||||| |||| 00| 0 eng d | ||
| 020 | _a9780470551738 | ||
| 050 |
_aHG177 _b.R67 ROS |
||
| 245 |
_aAchieving Excellence in Fundraising _cEditted by; Eugene R. Tempel, Timothy L. Seiler & Eva E. Aldrich |
||
| 250 | _a3rd Ed. | ||
| 260 |
_aSan Francisco _bJohn Wiley & Sons _c2011 |
||
| 650 | _2Finance | ||
| 942 |
_2lcc _cBK _e3rd Ed. _n0 |
||
| 999 |
_c8625 _d8625 |
||